| 000 | 00410cam a2200169ua 4500 | ||
|---|---|---|---|
| 020 | _c6.00 | ||
| 041 |
_amal _h |
||
| 082 |
_a320 _bSAN/IN |
||
| 100 | _aSankaran, Moyarath . | ||
| 245 |
_aIndian national congress / _cMoyarath Sankaran. _hTextual Documents |
||
| 260 |
_aCalicut : _bP K Brothers , _c1964. |
||
| 300 | _a437 ; . | ||
| 365 | _a6.00 | ||
| 504 | _a | ||
| 942 | _cBK | ||
| 999 |
_c5199 _d5199 |
||